<?xml version="1.0" encoding="UTF-8"?><?xml-stylesheet type="text/xsl" href="static/style.xsl"?><OAI-PMH xmlns="http://www.openarchives.org/OAI/2.0/" xmlns:xsi="http://www.w3.org/2001/XMLSchema-instance" xsi:schemaLocation="http://www.openarchives.org/OAI/2.0/ http://www.openarchives.org/OAI/2.0/OAI-PMH.xsd"><responseDate>2026-04-13T07:02:46Z</responseDate><request verb="GetRecord" identifier="oai:www.recercat.cat:2117/443253" metadataPrefix="marc">https://recercat.cat/oai/request</request><GetRecord><record><header><identifier>oai:recercat.cat:2117/443253</identifier><datestamp>2025-10-11T17:15:45Z</datestamp><setSpec>com_2072_1033</setSpec><setSpec>col_2072_452951</setSpec></header><metadata><record xmlns="http://www.loc.gov/MARC21/slim" xmlns:dcterms="http://purl.org/dc/terms/" xmlns:xsi="http://www.w3.org/2001/XMLSchema-instance" xmlns:doc="http://www.lyncode.com/xoai" xsi:schemaLocation="http://www.loc.gov/MARC21/slim http://www.loc.gov/standards/marcxml/schema/MARC21slim.xsd">
   <leader>00925njm 22002777a 4500</leader>
   <datafield ind2=" " ind1=" " tag="042">
      <subfield code="a">dc</subfield>
   </datafield>
   <datafield ind2=" " ind1=" " tag="720">
      <subfield code="a">Secanell Charles, Valentí</subfield>
      <subfield code="e">author</subfield>
   </datafield>
   <datafield ind2=" " ind1=" " tag="260">
      <subfield code="c">2025-06</subfield>
   </datafield>
   <datafield ind2=" " ind1=" " tag="520">
      <subfield code="a">Aquest treball de fi de grau analitza la implementació i l’impacte de la intel·ligència artificial (IA) en una consultora tecnològica. El cas d’estudi es centra en l’empresa NTT Data, concretament en el departament de Sector Públic, on l’autor ha desenvolupat les seves pràctiques curriculars. L’objectiu principal és l’avaluació de l’eficiència de la IA en els processos diaris i la satisfacció dels treballadors del projecte de treball. La metodologia de treball emprada combina l’estudi teòric de diversos aspectes de la IA, com són el Machine Learning, Deep Learning o casos destacats d’IA en el món empresarial, continuant amb una anàlisi qualitativa dels resultats d’un procés d’implementació a través d’entrevistes a treballadors de l’empresa. S’han identificat avantatges com l’automatització de tasques repetitives o la millora de productivitat entre altres. Tanmateix, també s’han detectat limitacions en els models utilitzats actualment com riscos de seguretat de dades o possibles biaixos presents. El treball conclou amb un pla d’integració que recull un resum dels models interns de la companyia NTT Data i propostes d’integració de la IA en el projecte, fomentant un ús optimitzat, segur i adaptat a les necessitats. Finalment, es recullen diverses línies de treball futur per continuar millorant tant les propostes com els models.</subfield>
   </datafield>
   <datafield ind1="8" ind2=" " tag="024">
      <subfield code="a">http://hdl.handle.net/2117/443253</subfield>
   </datafield>
   <datafield tag="653" ind2=" " ind1=" ">
      <subfield code="a">Àrees temàtiques de la UPC::Economia i organització d'empreses</subfield>
   </datafield>
   <datafield tag="653" ind2=" " ind1=" ">
      <subfield code="a">Artificial intelligence</subfield>
   </datafield>
   <datafield tag="653" ind2=" " ind1=" ">
      <subfield code="a">Machine learning</subfield>
   </datafield>
   <datafield tag="653" ind2=" " ind1=" ">
      <subfield code="a">Deep learning (Machine learning)</subfield>
   </datafield>
   <datafield tag="653" ind2=" " ind1=" ">
      <subfield code="a">Intel·ligència artificial</subfield>
   </datafield>
   <datafield tag="653" ind2=" " ind1=" ">
      <subfield code="a">Aprenentatge automàtic</subfield>
   </datafield>
   <datafield tag="653" ind2=" " ind1=" ">
      <subfield code="a">Aprenentatge profund (Aprenentatge automàtic)</subfield>
   </datafield>
   <datafield ind2="0" ind1="0" tag="245">
      <subfield code="a">Avaluació d'un model d'intel·ligència artificial en una consultora tecnològica: cas NTT DATA - validació</subfield>
   </datafield>
</record></metadata></record></GetRecord></OAI-PMH>